Conservación de la selva Amazónica (Registro nro. 4073)

Detalles MARC
000 -CABECERA
Campo de control 00791nam a2200241 i 4500
005 - FECHA Y HORA DE LA ULTIMA TRANSACCION
Campo de control 20200104041547.0
008 - ELEMENTOS DE LONGITUD FIJA—INFORMACION GENERAL
Campo de control 140313b1992 ve ||||| |||| 00| 0 spa d
040 ## - FUENTE DE CATALOGACIÓN
Agencia catalogadora original CO-BoIAVH
Agencia transcriptora CO-BoIAVH
041 ## - IDIOMA
Código de idioma para texto/pista de sonido o título separado Español
044 ## - PAÍS DE PUBLICACIÓN
País de publicación Venezuela
082 ## - NUMERO DE CLASIFICACION DECIMAL DEWEY
Número de clasificación 333.9516
Número del ítem F98c
110 2# - ASIENTO PRINCIPAL--NOMBRE CORPORATIVO
Unidad subordinad Fundación para el desarrollo de las ciencias físicas, matemáticas y naturales
9 (RLIN) 21381
245 10 - MENCION DE TITULO
Título Conservación de la selva Amazónica
260 ## - PUBLICACION, DISTRIBUCION, ETC. (PIE DE IMPRENTA)
Lugar de publicación, distribución, etc. Caracas :
Nombre del editor, distribuidor, etc. FODECI,
Fecha de publicación, distribución, etc. 1992.
300 ## - DESCRIPCION FISICA
Extensión 107 páginas
650 14 - ASIENTO SECUNDARIO DE MATERIA - TERMINO TEMATICO
Término temático o nombre geográfico como elemento de entrada Ecología de la selva
9 (RLIN) 49427
650 24 - ASIENTO SECUNDARIO DE MATERIA - TERMINO TEMATICO
Término temático o nombre geográfico como elemento de entrada Bosques
Subdivisión general Conservación
9 (RLIN) 49428
650 24 - ASIENTO SECUNDARIO DE MATERIA - TERMINO TEMATICO
Término temático o nombre geográfico como elemento de entrada Áreas de conservación de recursos naturales
9 (RLIN) 49429
650 24 - ASIENTO SECUNDARIO DE MATERIA - TERMINO TEMATICO
Término temático o nombre geográfico como elemento de entrada Conservación del medio ambiente
9 (RLIN) 49430
650 24 - ASIENTO SECUNDARIO DE MATERIA - TERMINO TEMATICO
Término temático o nombre geográfico como elemento de entrada Conservación biológica
9 (RLIN) 98
942 ## - ELEMENTOS ADICIONALES (KOHA)
Tipo de ítem Libro
Sistema de clasificación Dewey Decimal Classification
945 ## - PROCESAMIENTO LOCAL
AAAA-MM-DD - Fecha de ingreso o modificacion 2004-08-17
Existencias
Withdrawn status Lost status Sistema de Clasificación Damaged status No para préstamo Colección Inventariado Ubicación Permanente Ubicación actual Fecha de adquisición Fuente de Valor Valor Total Checkouts Número topográfico Inventario / Código de Barras Date last seen Ejemplar Price effective from Forma de adquisición Tipo de material
    Dewey Decimal Classification     General Inventariado 2017 Bogotá Bogotá 17/08/2004 Instituto 40000.00   LB-333.9516 F98c 016468 04/12/2012 Ej. 1 04/12/2012   Libro